00370nam a2200121Ia 4500008004100000245010700041260001700148260000900165300000900174650002300183650001200206856003000218170516s9999 xx 000 0 und d aNanoscale “fluorescent stone”: Luminescent Calcium Fluoride Nanoparticles as Theranostic Platforms bTheranostics c2016 a6:13 xMedical Technology xMedtech uhttp://www.thno.org/v6i13